Your brain / (Record no. 4345)
[ view plain ]
| 000 -LEADER | |
|---|---|
| fixed length control field | 00815nam a22002777a 4500 |
| 001 - CONTROL NUMBER | |
| control field | 4345 |
| 003 - CONTROL NUMBER IDENTIFIER | |
| control field | FISKH |
| 005 - DATE AND TIME OF LATEST TRANSACTION | |
| control field | 20240802161136.0 |
| 008 - FIXED-LENGTH DATA ELEMENTS--GENERAL INFORMATION | |
| fixed length control field | 240731b cb ||||| |||| 00| 0 eng d |
| 020 ## - INTERNATIONAL STANDARD BOOK NUMBER | |
| International Standard Book Number | 9780545060950 |
| 040 ## - CATALOGING SOURCE | |
| Original cataloging agency | FISKH |
| Language of cataloging | eng |
| Transcribing agency | FISKH |
| Modifying agency | FISKH |
| 050 ## - LIBRARY OF CONGRESS CALL NUMBER | |
| Classification number | PZ7 |
| 082 ## - DEWEY DECIMAL CLASSIFICATION NUMBER | |
| Classification number | 612.82 |
| 100 ## - MAIN ENTRY--PERSONAL NAME | |
| Personal name | Martell, Ted |
| 245 ## - TITLE STATEMENT | |
| Title | Your brain / |
| 260 ## - PUBLICATION, DISTRIBUTION, ETC. | |
| Place of publication, distribution, etc. | New York : |
| Name of publisher, distributor, etc. | Scholastic, |
| Date of publication, distribution, etc. | 2008. |
| 300 ## - PHYSICAL DESCRIPTION | |
| Extent | 16 pages : |
| Other physical details | color illustrations ; |
| Dimensions | 23 cm |
| 490 ## - SERIES STATEMENT | |
| Series statement | Science Vocabulary Readers |
| 505 ## - FORMATTED CONTENTS NOTE | |
| Formatted contents note | K<br/> |
| 520 ## - SUMMARY, ETC. | |
| Summary, etc. | Your brain is your body's computer. It tells you body what to do. Open this book to learn all about your brilliant Brain! |
| 521 8# - TARGET AUDIENCE NOTE | |
| Target audience note | 510<br/> |
| Source | Lexile <br/> |
| 521 8# - TARGET AUDIENCE NOTE | |
| Target audience note | K<br/> |
| Source | Lexile <br/> |
| 650 ## - SUBJECT ADDED ENTRY--TOPICAL TERM | |
| Topical term or geographic name entry element | Human Body |
| Form subdivision | Science |
| General subdivision | Health |
| 942 ## - ADDED ENTRY ELEMENTS (KOHA) | |
| Source of classification or shelving scheme | Dewey Decimal Classification |
| Koha item type | Books |
| Suppress in OPAC | No |
| Withdrawn status | Lost status | Source of classification or shelving scheme | Damaged status | Not for loan | Collection | Home library | Current library | Shelving location | Date acquired | Total Checkouts | Full call number | Barcode | Date last seen | Date last checked out | Copy number | Price effective from | Koha item type |
|---|---|---|---|---|---|---|---|---|---|---|---|---|---|---|---|---|---|
| Dewey Decimal Classification | Non-Fiction | Footprints International School Library Network Toul Kork Campus | Footprints International School Library Network Toul Kork Campus | TK Primary Library Room(4th Floor), Bookcase 3&4, Shelves 17-32, Yellow Books | 07/31/2024 | 1 | MAR 612.82 PZ7 | FISBK05483 | 12/03/2024 | 08/23/2024 | 1 | 07/31/2024 | Books | ||||
| Dewey Decimal Classification | Non-Fiction | Footprints International School Library Network Toul Kork Campus | Footprints International School Library Network Toul Kork Campus | TK Primary Library Room(4th Floor), Bookcase 3&4, Shelves 17-32, Yellow Books | 07/31/2024 | MAR 612.82 PZ7 | FISBK05468 | 07/31/2024 | 2 | 07/31/2024 | Books |
